[Event "Tatry op"]
[Site "Tatranske Zruby"]
[Date "2012.09.26"]
[Round "5"]
[White "Houdek, Daniel"]
[Black "Marusak, Peter"]
[Result "0-1"]
[WhiteElo "1874"]
[BlackElo "2036"]
[PlyCount "96"]
[EventDate "2012.09.23"]
[EventType "swiss"]
[EventRounds "9"]
[EventCountry "SVK"]
[SourceTitle "CBM 150 Extra"]
[Source "ChessBase"]
[SourceDate "2012.10.19"]
[SourceVersion "1"]
[SourceVersionDate "2012.10.19"]
[SourceQuality "1"]

1. Nf3 Nf6 2. d4 d6 3. c4 g6 4. g3 Bg7 5. Bg2 0-0 6. 0-0 c5 7. dxc5 dxc5 8. Qb3 Nc6 9. Rd1 Nd4 10. Nxd4 cxd4 11. Bf4 Nd7 12. Na3 e5 13. Bd2 Re8 14. Qc2 Nc5 15. Bb4 Bf8 16. Bxc5 Bxc5 17. Nb1 Qc7 18. a3 a5 19. Nd2 Be6 20. Rac1 Rec8 21. Qe4 b6 22. Qh4 Be7 23. Qh6 Bf8 24. Qh4 Be7 25. Qh6 Qd8 26. f4 Ra7 27. Nf3 Bxc4 28. fxe5 Bxe2 29. Rxd4 Rxc1+ 30. Qxc1 Qc7 31. Qd2 Bxf3 32. Bxf3 Bc5 33. Kg2 Bxd4 34. Qxd4 Qc2+ 35. Kh3 Qf5+ 36. Bg4 Qg5 37. e6 Qe7 38. exf7+ Qxf7 39. Qd8+ Kg7 40. Qd4+ Qf6 41. Qd2 Qf1+ 42. Kh4 Rf7 43. Bc8 Qf2 44. Qc3+ Qf6+ 45. Qxf6+ Rxf6 46. b3 Rf2 47. Kh3 Kf6 48. Ba6 h5 0-1

[Event "Tatry op"]
[Site "Tatranske Zruby"]
[Date "2012.09.23"]
[Round "1"]
[White "Jukl, Karel"]
[Black "Houdek, Daniel"]
[Result "1/2-1/2"]
[WhiteElo "1754"]
[BlackElo "1874"]
[PlyCount "46"]
[EventDate "2012.09.23"]
[EventType "swiss"]
[EventRounds "9"]
[EventCountry "SVK"]
[SourceTitle "EXT 2023"]
[Source "ChessBase"]
[SourceDate "2022.10.05"]
[SourceVersion "1"]
[SourceVersionDate "2022.10.05"]
[SourceQuality "1"]

1. d4 d5 2. Bf4 Nc6 3. e3 Bf5 4. Nf3 e6 5. Be2 Bd6 6. Ne5 Nge7 7. 0-0 0-0 8. c4 f6 9. Nxc6 bxc6 10. g4 Bxb1 11. Rxb1 Bxf4 12. exf4 Qd6 13. Qd2 Ng6 14. f5 exf5 15. gxf5 Nh4 16. c5 Qd7 17. Qf4 Nxf5 18. Bg4 g6 19. Bxf5 gxf5 20. Rbe1 Rae8 21. Qh4 Qf7 22. f3 Kh8 23. Rxe8 Rxe8 1/2-1/2